| 000 | 00451nam a2200169Ia 4500 | ||
|---|---|---|---|
| 003 | GCL | ||
| 008 | 140319s9999 xx 000 0 eng d | ||
| 040 |
_aGCL / _cGCL |
||
| 082 | 0 | 4 |
_a746.46 _bA A |
| 100 | 1 | _aADLER, PETER | |
| 245 | 1 | 0 |
_aA SAFO: AFRICAN FLAGS OF THE FANTE / _cADLER, PETER |
| 700 | 1 | _aBARNARD, NICHOLAS | |
| 260 |
_a[S.N] : _bTHAMES AND HUDSON ، _c1993 |
||
| 650 | 0 | 4 | _aAFRICAN TEXTILE |
| 650 | 0 | 4 | _aAFRICAN FLAGS |
| 942 |
_2ddc _cBK |
||
| 999 |
_c10237 _d10237 |
||